000 01772nam0a2200325 4500
001 RU\NLR\bibl\544084
005 20260407072713.0
010 _a5-94991-001-Х
_9200
021 _aRU
_b2004-37893
_91890
035 _a(NLR Aleph) 000536312
090 _a1384892
_c1384892
100 _a20040810d2002 |||y0rusy50 ca
101 0 _arus
102 _aRU
105 _aa |||||||||
200 1 _aЛишение свободы на длительный срок и пожизненно: нормотворчество, правоприменение, правосознание
_eМатериалы науч.-практ., Вологда, 17-18 апр. 2002 г.
_f[Редкол.: В.В. Попов - к.ю.н. (отв. ред.) и др.]
210 _aВологда
_cВИПЭ
_d2002
215 _a549 с.
_cил.
_d21
300 _aВ надзаг.: М-во юстиции Рос. Федерации, Гл. упр. исполнения наказаний, Волог. ин-т права и экономики
320 _aБиблиогр. в подстроч. примеч.
606 0 _aЛишение свободы
_jСъезды, совещания и т.п.
_yРоссийская Федерация
_92168202
_3RU\NLR\auth\661304427
686 _aХ628.102.21я431
702 1 _4340
_7ca
_8rus
_aПопов
_bВ. В.
_cюрист
_gВиктор Владимирович
_927518
_3RU\NLR\auth\7744578
712 0 1 _4570
_aРоссийская Федерация
_bМинистерство юстиции
_bГлавное управление исполнения наказаний
_9571789
_3RU\NLR\AUTH\8810036556
801 0 _aRU
_bNLR
_c20040810
_gPSBO
801 1 _aRU
_bNLR
_c20040810
830 _aРед. по ЭК
942 _cBOOK
980 _aNB